Sufi women : the journey towards the beloved.

محفوظ في:

مؤلفون مشاركون: International Association of Sufism., Sufi Women Organization.

التنسيق: كتاب

اللغة: English

منشور في: San Rafael, CA : International Association of Sufism, 1998-

الموضوعات:

الوسوم: إضافة وسم

لا توجد وسوم, كن أول من يضع وسما على هذه التسجيلة!

رقم الطلب: BP189.4 .S795 1998

LEADER 00961namaa2200277 4500
001 11940
003 OSt
005 20240731125725.0
008 130303m19989999cau b 000 0deng d
952 |0 0  |1 0  |2 lcc  |4 0  |6 BP01894 S795 01998  |7 1  |9 12855  |a ARCE  |b ARCE  |d 2021-06-02  |l 0  |o BP189.4 .S795 1998  |p 1009853  |r 2021-06-02 00:00:00  |w 2021-06-02  |y BK 
999 |c 12216  |d 12216 
010 |a 98070101 
020 |a 0918437172 
040 |c ARCE Library 
050 4 |a BP189.4 .S795 1998 
245 0 0 |a Sufi women :  |b the journey towards the beloved. 
264 1 |a San Rafael, CA :  |b International Association of Sufism,  |c 1998- 
300 |a volume <1> ;  |c 22 cm. 
500 |a "Compiled by the Sufi Women Organization"  
504 |a Includes bibliographical references. 
650 0 |a Muslim women  |v Biography. 
650 0 |a Women sufis  |v Biography. 
710 2 |a International Association of Sufism. 
710 2 |a Sufi Women Organization.  |9 23781 
901 |a reviewed 
942 |c BK  |2 lcc